[Event "33rd Bulgarian Open"]
[Site "Plovdiv BUL"]
[Date "2011.01.30"]
[Round "1.10"]
[White "Ismail,Tamer"]
[Black "Drenchev,P"]
[Result "0-1"]
[WhiteElo "1766"]
[BlackElo "2521"]

1.e4 d5 2.exd5 Qxd5 3.Nc3 Qd6 4.Nf3 Nf6 5.d4 a6 6.Bc4 Nc6 7.Be3 Bf5 8.Qd2 e6
9.Bf4 Qb4 10.Bb3 O-O-O 11.a3 Qa5 12.O-O-O Bxa3 13.bxa3 Qxa3+ 14.Kb1 Qxb3+
15.Ka1 Qa3+ 16.Na2 Ne4 17.Qe3 Qxe3 18.Bxe3 Bg4 19.Rd3 Bxf3 20.gxf3 Nd6 21.Rb1 Nf5
22.c3 Ne5 23.Rd2 Nxf3 24.Rdb2 b6 25.Nb4 Kb7 26.Ra2 a5 27.Nd3 e5 28.Nc5+ Kc6
29.Na4 Rhe8 30.dxe5 Nxe3 31.fxe3 Nxe5 32.Nb2 Rd2 33.Ra4 Rxh2 34.Nc4 Nd3 35.Na3 Nc5
36.Rc4 Rxe3 37.Nb5 Ree2 38.Nd4+ Kd5 39.Nxe2 Kxc4 40.Nc1 Rc2  0-1

[Event "Gibraltar Masters"]
[Site "Caleta ENG"]
[Date "2011.01.31"]
[Round "7.109"]
[White "Siddiqui,Nida"]
[Black "Rough,R"]
[Result "1/2-1/2"]
[WhiteElo "1738"]
[BlackElo "1742"]

1.e4 d5 2.exd5 Qxd5 3.Nc3 Qd6 4.d4 Nf6 5.Nf3 c6 6.Bc4 Bf5 7.O-O Nbd7 8.Re1 e6
9.Ne5 Be7 10.Bf4 Qb4 11.Bb3 O-O 12.a3 Qa5 13.Nc4 Qd8 14.Nd6 Bxd6 15.Bxd6 Re8
16.Bg3 h6 17.Qd2 Rc8 18.Nd1 Ne4 19.Qf4 Nxg3 20.fxg3 Bg6 21.Ne3 Nf6 22.Ng4 Nxg4
23.Qxg4 Bf5 24.Qf4 Qc7 25.Qxc7 Rxc7 26.Re5 Rd8 27.c3 Kf8 28.Rae1 Rcd7 29.Kf2 Bg6
30.Kg1 Bh7  1/2-1/2

[Event "Moscow Open D University Women"]
[Site "Moscow RUS"]
[Date "2011.01.31"]
[Round "3.8"]
[White "Dibirova,U"]
[Black "Grebennikova,T"]
[Result "0-1"]
[WhiteElo "1871"]
[BlackElo "1981"]

1.e4 d5 2.exd5 Qxd5 3.Nc3 Qd6 4.d3 Nf6 5.Nge2 c6 6.g3 Bg4 7.Bg2 Nbd7 8.a4 e6
9.O-O Be7 10.a5 O-O 11.h3 Bf5 12.b4 Nd5 13.Nxd5 cxd5 14.Nd4 Bg6 15.Ba3 Qc7
16.Nb3 Qc3 17.b5 Bxa3 18.Rxa3 Qb4 19.Ra1 Nf6 20.Qe2 Qxb5 21.Rfb1 Rab8 22.c4 Qd7
23.Rc1 Rfc8 24.Rc3 Rc7 25.c5 Qb5 26.Qe5 Rbc8 27.d4 Qb4 28.Qe3 b6 29.axb6 axb6
30.Bf1 Ne4 31.Rcc1 bxc5 32.Nxc5 Nxc5 33.Rxc5 Rxc5 34.dxc5 h6 35.c6 Rxc6 36.Ra8+ Kh7
37.Bd3 Rc3 38.Bxg6+ Kxg6 39.Qe2 Rc1+ 40.Kh2 Re1 41.Qf3 Qe4 42.Kg2  0-1

[Event "Gibraltar Masters"]
[Site "Caleta ENG"]
[Date "2011.02.01"]
[Round "8.52"]
[White "Arnott,J"]
[Black "Kantans,T"]
[Result "1/2-1/2"]
[WhiteElo "2176"]
[BlackElo "2342"]

1.e4 d5 2.exd5 Qxd5 3.Nc3 Qd6 4.d4 Nf6 5.Nf3 a6 6.g3 Bg4 7.Bg2 Nc6 8.O-O O-O-O
9.d5 Ne5 10.Bf4 Nxf3+ 11.Bxf3 Bxf3 12.Qxf3 e5 13.dxe6 Qxe6 14.Rfe1 Qf5 15.Re5 Qh3
16.Re2 h5 17.Qg2 Qf5 18.Re5 Qh7 19.Nd5 Bd6 20.Nxf6 gxf6 21.Qh3+ Kb8 22.Rf5 Bxf4
23.Rxf4 Qxc2 24.Qf5 Qxb2 25.Rb1 Qe2 26.Qxf6 Rd1+ 27.Rxd1 Qxd1+ 28.Kg2 Qd5+
29.Kh3 Qe6+ 30.Qxe6 fxe6 31.Re4 c5 32.f4 Rc8 33.Rxe6 c4 34.f5 c3 35.Re1 b5
36.f6 Rf8 37.Rc1 b4 38.a3 Rxf6 39.axb4 Rc6 40.Kh4 Kb7 41.Kxh5 Kb6 42.g4 Kb5
43.g5 Kxb4 44.g6 Kb3 45.g7 Rc8 46.Kg6 Kb2 47.Rf1 c2 48.h4 c1=Q 49.Rxc1 Rxc1
50.g8=Q Rg1+ 51.Kf7 Rxg8  1/2-1/2

[Event "Gibraltar Masters"]
[Site "Caleta ENG"]
[Date "2011.02.01"]
[Round "8.59"]
[White "Carlsten,P"]
[Black "Garcia Jimenez,F"]
[Result "0-1"]
[WhiteElo "2110"]
[BlackElo "2274"]

1.e4 d5 2.exd5 Qxd5 3.Nc3 Qd6 4.d4 Nf6 5.Nf3 a6 6.h3 Bf5 7.Bd3 Bxd3 8.Qxd3 Nc6
9.Be3 e6 10.O-O-O Nb4 11.Qd2 Nfd5 12.Kb1 Qc6 13.Ne2 Qc4 14.Nc1 f6 15.c3 Nc6
16.Qd3 Qxd3+ 17.Nxd3 Kf7 18.Bc1 Be7 19.Rhe1 Rhe8 20.Re2 Rad8 21.Rde1 Bf8
22.Kc2 b5 23.Bd2 Rd7 24.Bc1 Nd8 25.Bd2 Nb7 26.Nf4 Nxf4 27.Bxf4 c5 28.Be3 cxd4
29.Nxd4 Rc8 30.Kb1 Nc5 31.Nf3 Nb7 32.Rd2 Rxd2 33.Bxd2 Nd6 34.Bc1 Nc4 35.b3 Nb6
36.Nd4 Nd5 37.Bd2 Nxc3+ 38.Bxc3 Rxc3 39.Nxe6 Bb4 40.Nd8+ Kg6 41.Rd1 Ba3 42.Ne6 Rc6
43.Re1 Rd6 44.Nc7 Kf7 45.g4 g5 46.Rf1 Bb4 47.Kb2 Rd2+ 48.Kb1 Bc3 49.f4 gxf4
50.Rf3 Be5 51.Nxa6 Rb2+ 52.Kc1 Rxa2 53.Nb4 Rg2 54.Kd1 Ke6 55.Nd3 Kd5 56.Nxf4+ Ke4
57.Nxg2 Kxf3  0-1

[Event "Moscow Open F Women"]
[Site "Moscow RUS"]
[Date "2011.02.01"]
[Round "4.44"]
[White "Kostitsina,L"]
[Black "Shmyreva,T"]
[Result "1-0"]
[WhiteElo "1930"]
[BlackElo "1806"]

1.e4 d5 2.exd5 Qxd5 3.Nc3 Qd8 4.d4 Nf6 5.Nf3 Bf5 6.Bc4 e6 7.O-O Be7 8.Re1 c6
9.Ne2 O-O 10.Ng3 Bg6 11.Ne5 Nd5 12.Nxg6 hxg6 13.Ne4 Nd7 14.Bf1 N5f6 15.Nxf6+ Nxf6
16.c4 c5 17.Be3 Qc7 18.Qe2 Rad8 19.Red1 b6 20.Rd3 cxd4 21.Rxd4 e5 22.Rxd8 Rxd8
23.Rb1 Bc5 24.Bd2 Bd4 25.b4 Qd7 26.Be1 Qg4 27.Qxg4 Nxg4 28.Be2 Nf6 29.Rc1 Kf8
30.Kf1 Nh5 31.g3 f5 32.c5 Rc8 33.cxb6 Rxc1 34.b7 Kg8 35.b8=Q+ Kh7 36.Bxh5 gxh5
37.Ke2 Rc2+ 38.Kd3 Rxa2 39.Qe8 Ra3+ 40.Kc4 Ra2 41.Qxh5+ Kg8 42.Qxf5 Rb2 43.Bc3 Rxf2
44.Qe6+ Kh8 45.Bxd4 exd4 46.Qe8+ Kh7 47.Qh5+ Kg8 48.Kxd4 Rf7 49.Qd5 Kf8 50.Qd8+  1-0

[Event "Moscow Open D University Women"]
[Site "Moscow RUS"]
[Date "2011.02.02"]
[Round "5.4"]
[White "Yarullina,A"]
[Black "Grebennikova,T"]
[Result "1/2-1/2"]
[WhiteElo "2047"]
[BlackElo "1981"]

1.e4 d5 2.exd5 Qxd5 3.Nc3 Qd6 4.d4 Nf6 5.Nf3 c6 6.g3 Bg4 7.Bg2 e6 8.O-O Nbd7
9.h3 Bh5 10.Bf4 Qb4 11.Qd2 Be7 12.a3 Qb6 13.b4 O-O 14.Rab1 Nd5 15.Na4 Qa6
16.Nc5 Nxc5 17.bxc5 Bxf3 18.Bxf3 b6 19.Bxd5 cxd5 20.Qb4 Rac8 21.c3 Rfe8 22.Rfd1 bxc5
23.Qb7 Qxb7 24.Rxb7 a5 25.Rb5 cxd4 26.cxd4 Bxa3 27.Rxa5 Bb4 28.Ra4 Rc4 29.Be3 Rec8
30.Ra6 h6 31.Kg2 Bc3 32.Ra2 Rb4 33.Rd3 Rbc4 34.h4  1/2-1/2

[Event "Gibraltar Masters"]
[Site "Caleta ENG"]
[Date "2011.02.03"]
[Round "10.30"]
[White "Fernandez Romero,Ern"]
[Black "Zygouris,H"]
[Result "1/2-1/2"]
[WhiteElo "2453"]
[BlackElo "2215"]

1.e4 d5 2.exd5 Qxd5 3.Nc3 Qd6 4.d4 Nf6 5.Nf3 a6 6.Bd3 Bg4 7.O-O e6 8.Ne4 Nxe4
9.Bxe4 c6 10.c3 Qc7 11.Qb3 Nd7 12.Ne5 Nxe5 13.Bf4 Bd6 14.dxe5 Be7 15.Qc2 Bh5
16.a4 Rd8 17.b4 Bg6 18.Rab1 O-O 19.Bxg6 hxg6 20.Qe4 b5 21.Ra1 c5 22.axb5 axb5
23.Ra5 cxb4 24.cxb4 Rd5 25.h3 Rfd8 26.Qe2 Qc4 27.Qxc4 bxc4 28.Ra4 c3 29.Be3 Rd1
30.b5 c2 31.Rc4 Rb1 32.Rxc2 Rxb5 33.f4 Rd7 34.Rfc1 g5 35.Rc8+ Kh7 36.R1c7 Rxc7
37.Rxc7 gxf4 38.Bxf4 Bc5+ 39.Kh2 Kg6 40.h4 Bd4 41.g4 Bxe5 42.h5+ Kf6 43.g5+ Kf5
44.Rxf7+ Kg4 45.Bxe5 Rxe5 46.Rxg7 Kxh5 47.Kg2  1/2-1/2

[Event "Moscow Open F Women"]
[Site "Moscow RUS"]
[Date "2011.02.03"]
[Round "6.26"]
[White "Semenova,E"]
[Black "Rodionova,Daria"]
[Result "1-0"]
[WhiteElo "2139"]
[BlackElo "1856"]

1.e4 d5 2.exd5 Qxd5 3.Nc3 Qd6 4.d4 Nf6 5.Nf3 a6 6.Ne5 Nc6 7.Nxc6 Qxc6 8.Bf4 Bf5
9.Be2 Ne4 10.Bf3 O-O-O 11.O-O Nxc3 12.bxc3 Qxc3 13.Rb1 c6 14.Qe2 e6 15.Rb6 Qa3
16.Rfb1 Bd6 17.Bxd6 Rxd6 18.Rxb7 Rhd8 19.Qc4 Qa5 20.Bxc6  1-0

[Event "TCh-CAT Div Hon"]
[Site "Barcelona ESP"]
[Date "2011.02.05"]
[Round "2"]
[White "Randazzo,A"]
[Black "Martinez Lopez,I"]
[Result "1/2-1/2"]
[WhiteElo "2228"]
[BlackElo "2278"]

1.e4 d5 2.exd5 Qxd5 3.Nc3 Qd8 4.d4 Nf6 5.Bc4 c6 6.Nf3 b5 7.Bb3 e6 8.O-O Be7
9.Ne5 O-O 10.Qf3 Qxd4 11.Nxc6 Nxc6 12.Qxc6 Bd7 13.Qf3 Qb6 14.Be3 Bc5 15.Bg5 Bc6
16.Qg3 Kh8 17.Qh4 Bd4 18.Nd1 Ne4 19.Be3 a5 20.c3 Bxe3 21.Nxe3 Rad8 22.Bc2 f5
23.Bxe4 Bxe4 24.Rfd1 Qc7 25.f3 f4 26.Rxd8 Qxd8 27.Qxd8 Rxd8 28.Nf1 Bc6 29.Re1 Rd6
30.Kf2 Kg8 31.g3 fxg3+ 32.hxg3 Kf7 33.a3 h5 34.Ke3 Kf6 35.Nd2 Bd5 36.Rh1 g6
37.Rh4 e5 38.a4 bxa4 39.Rxa4 Ra6 40.Ne4+ Bxe4 41.Kxe4 Rb6 42.Rxa5 Rxb2 43.Ra6+ Kg5
44.Kxe5 Re2+ 45.Kd4 Rg2 46.f4+ Kh6 47.c4 Rxg3 48.c5 Rf3 49.Ke4 Rc3 50.f5 Rxc5
51.Rxg6+ Kh7 52.Kf4 Rc4+ 53.Kg5 Rg4+ 54.Kf6 Rxg6+ 55.fxg6+ Kg8 56.Kg5 Kh8
57.Kxh5 Kg7 58.Kg5 Kg8 59.Kf5 Kg7 60.Kg5 Kg8 61.Kf6 Kf8  1/2-1/2

[Event "TCh-CAT Div Hon"]
[Site "Barcelona ESP"]
[Date "2011.02.05"]
[Round "2"]
[White "Barbero Senidic,A"]
[Black "Bravo Barranco,N"]
[Result "1-0"]
[WhiteElo "2267"]
[BlackElo "2248"]

1.e4 d5 2.exd5 Qxd5 3.Nc3 Qd6 4.Nf3 c6 5.Bc4 Nf6 6.d4 Bg4 7.Be3 e6 8.h3 Bxf3
9.Qxf3 Nbd7 10.O-O-O Qc7 11.Rhe1 O-O-O 12.g4 Nb6 13.Bb3 Bd6 14.Bg5 Rde8 15.Kb1 Nfd5
16.Ne4 Bf4 17.c4 Bxg5 18.cxd5 Bf4 19.dxc6 bxc6 20.Nc5 Nd5 21.Bc4 Qd6 22.Qa3 Re7
23.Ba6+ Kc7 24.Bb7 Rb8 25.Qa5+ Nb6 26.Qxa7 Nc8 27.Na6+  1-0

[Event "ch-TUR"]
[Site "Kemer-Antalya TUR"]
[Date "2011.02.05"]
[Round "1"]
[White "Firat,B"]
[Black "Sahin,S"]
[Result "1-0"]
[WhiteElo "2392"]
[BlackElo "1971"]

1.e4 d5 2.exd5 Qxd5 3.Nc3 Qd6 4.d4 Nf6 5.Nf3 g6 6.g3 Bg7 7.Bg2 Qa6 8.Bf4 Bf5
9.Ne5 c6 10.Qd2 O-O 11.O-O-O Nd5 12.Bxd5 cxd5 13.Nxd5 Qxa2 14.Nxe7+ Kh8 15.Qc3 Be6
16.d5 Bh3 17.Qa3 Qxa3 18.bxa3 g5 19.d6 gxf4 20.d7 Nc6 21.N7xc6 bxc6 22.d8=Q Raxd8
23.Rxd8 Bg2 24.Rhd1 Bd5 25.Rxf8+ Bxf8 26.Kb2 f3 27.c4 Be6 28.Kb3 Bc5 29.Nxf3 Bxf2
30.Ng5 Bg4 31.Rf1  1-0

[Event "25th MGU Open"]
[Site "Sofia BUL"]
[Date "2011.02.05"]
[Round "2.1"]
[White "Orev,P"]
[Black "Borisov,L"]
[Result "1-0"]
[WhiteElo "2252"]
[BlackElo "1893"]

1.e4 d5 2.exd5 Qxd5 3.Nc3 Qd8 4.d4 Nf6 5.Bf4 c6 6.Qd2 Bf5 7.Nf3 e6 8.Bd3 Bxd3
9.Qxd3 Bd6 10.Bg3 Bxg3 11.hxg3 Nbd7 12.g4 g6 13.g5 Nh5 14.O-O-O Qc7 15.Kb1 O-O-O
16.Ne4 Nf4 17.Qa3 Kb8 18.c4 Nb6 19.g3 Nh5 20.Ne5 Rhf8 21.c5 Nc8 22.g4 f5
23.gxh5 fxe4 24.hxg6 hxg6 25.Qe3 Rf5 26.Nxg6 Qg7 27.Ne5 Rxg5 28.Nf7 Qxf7
29.Qxg5 Rg8 30.Qe5+ Ka8 31.Rh8 Ne7 32.Rxg8+ Qxg8 33.Rh1 Qg6 34.Rh8+ Ng8 35.Qg3  1-0

[Event "ch-CRO w"]
[Site "Topusko CRO"]
[Date "2011.02.05"]
[Round "8.4"]
[White "Racki,B"]
[Black "Jelica,M"]
[Result "0-1"]
[WhiteElo "1860"]
[BlackElo "2223"]

1.e4 d5 2.exd5 Qxd5 3.Nc3 Qd6 4.d4 Nf6 5.Nf3 a6 6.Bd3 Nc6 7.Be3 Bg4 8.h3 Bh5
9.g4 Bg6 10.Bxg6 hxg6 11.Qd2 Nxg4 12.O-O-O Nxe3 13.fxe3 Rh5 14.Qg2 e6 15.Rhf1 Be7
16.Ne4 Qd5 17.Nc3 Qa5 18.Ne5 Nxe5 19.Qxb7 Rd8 20.dxe5 Qb6 21.Rxd8+ Bxd8 22.Qe4 Rxh3
23.Nd1 Rh5 24.Rh1 Qc5 25.Rxh5 gxh5 26.Qa4+ Qb5 27.Qe4 Bg5 28.c4 Qb6 29.Qh7 Bxe3+
30.Kb1 Bh6 31.Qg8+ Ke7 32.Qc8 Qc6  0-1

[Event "Moscow Open F Women"]
[Site "Moscow RUS"]
[Date "2011.02.06"]
[Round "9.8"]
[White "Nemcova,Kat"]
[Black "Krasenkova,I"]
[Result "1-0"]
[WhiteElo "2289"]
[BlackElo "2121"]

1.e4 d5 2.exd5 Qxd5 3.Nc3 Qd6 4.d4 Nf6 5.Nf3 Nc6 6.Be2 a6 7.O-O Bf5 8.Be3 O-O-O
9.a3 h6 10.b4 e5 11.b5 exd4 12.Bf4 Qxf4 13.bxc6 Bc5 14.Na4 Qd6 15.cxb7+ Kxb7
16.Qd2 Bb6 17.Rab1 Ka7 18.Nxb6 cxb6 19.Rb4 Qc7 20.Nxd4 Be4 21.Ra4 Bb7 22.Rb1 Kb8
23.Bxa6 Ne4 24.Qb4 Nc5 25.Bxb7 Nxa4 26.Bf3 Rxd4 27.Qxd4 Nc5 28.Qxg7 Re8 29.Qxh6 Ka7
30.Qc6 Qxc6 31.Bxc6 Re2 32.Rc1 Kb8 33.Bd5 f6 34.Kf1 Rd2 35.Bf3 Kc7 36.h4 Ne6
37.h5 Ng5 38.h6 Rd7 39.Ke2 Rh7 40.Rh1 Nf7 41.Ke3 Rxh6 42.Rxh6 Nxh6 43.Kf4 Kd6
44.Bh5 Ke6 45.g4 Ng8 46.Ke4 Ne7 47.f4 Nc8 48.a4 Ne7 49.Be8 Kd6 50.Bf7 Nc6
51.Bd5 Nb4 52.Bb3 Na6 53.Kf5 Ke7 54.g5 fxg5 55.fxg5 Nc5 56.Ke5 Nd7+ 57.Kd5 Nb8
58.g6 Kf6 59.Kd6 Kxg6 60.Bc4 Kf6 61.Kc7 Ke5 62.Kxb8 Kd4 63.Bb3 Kc5 64.Kc7 b5
65.a5  1-0

[Event "25th MGU Open"]
[Site "Sofia BUL"]
[Date "2011.02.06"]
[Round "6.5"]
[White "Petrov,Martin"]
[Black "Borisov,L"]
[Result "1/2-1/2"]
[WhiteElo "1926"]
[BlackElo "1893"]

1.e4 d5 2.exd5 Qxd5 3.Nc3 Qd8 4.d4 Nf6 5.Nf3 c6 6.Bc4 e6 7.O-O Be7 8.h3 O-O
9.Bf4 Nbd7 10.Qe2 Nb6 11.Bd3 Nfd5 12.Nxd5 exd5 13.c3 h6 14.Rfe1 Re8 15.Qc2 Be6
16.Rad1 a5 17.Ne5 Bd6 18.Bh2 Qc7 19.Kh1 a4 20.f4 Re7 21.f5 Bd7 22.Re3 c5
23.Rde1 Rae8 24.Qd2  1/2-1/2

[Event "ch-TUR"]
[Site "Kemer-Antalya TUR"]
[Date "2011.02.07"]
[Round "4"]
[White "Kose,S"]
[Black "Tahaoglu,Erson"]
[Result "0-1"]
[WhiteElo "2183"]
[BlackElo "1711"]

1.e4 d5 2.exd5 Qxd5 3.Nc3 Qd6 4.d4 c6 5.Be3 Nf6 6.Nf3 Bg4 7.Be2 e6 8.h3 Bh5
9.Qd2 Nbd7 10.a3 Qc7 11.Bf4 Bd6 12.Bxd6 Qxd6 13.Qe3 Nb6 14.O-O-O Nbd5 15.Nxd5 Nxd5
16.Qd2 O-O 17.Ne5 Bxe2 18.Qxe2 Rad8 19.c4 Nf4 20.Qe3 Ng6 21.f4 b5 22.g3 a5
23.Qe4 Nxe5 24.fxe5 Qe7 25.c5 Rd5 26.Rd3 Rfd8 27.Rf1 Rxd4 28.Rxd4 Qxc5+ 29.Rc4 bxc4
30.Qf4 Rf8 31.Rf3 Qg1+ 32.Kc2 Qg2+ 33.Kc3 h6 34.h4 Qe2 35.Qe3 Qd1 36.Kxc4 Qa4+
37.Kc3 Rb8 38.Qf4 Qb3+ 39.Kd2 Qxb2+ 40.Ke1 Qb1+ 41.Kf2 Qc2+ 42.Kg1 Rb1+ 43.Rf1 Qc5+
44.Kh2 Rxf1 45.Qxf1 Qxe5 46.Qa6 Qb2+ 47.Kh3 Qxa3 48.Qxc6 Qe7 49.Qa8+ Kh7
50.Qxa5 Qf6 51.Qa8 h5 52.Kg2 Qb2+ 53.Kh3 Qe5 54.Qb7 Qf5+ 55.Kh2 e5 56.Qd5 f6
57.Kg2 Qg4 58.Kf2 e4 59.Qd6 Qf3+ 60.Ke1 e3 61.Qf4 Qxf4 62.gxf4 Kg6 63.Ke2 Kf5
64.Kxe3 Kg4 65.Ke4 g6 66.Ke3 Kxh4 67.f5 g5 68.Kd4  0-1

[Event "1st Open"]
[Site "Cento ITA"]
[Date "2011.02.08"]
[Round "4"]
[White "Bove,A"]
[Black "Vezzani,S"]
[Result "1/2-1/2"]
[WhiteElo "2365"]
[BlackElo "2168"]

1.e4 d5 2.Nc3 dxe4 3.Nxe4 Qd5 4.Nc3 Qd6 5.d4 Nf6 6.Be3 c6 7.Qd2 Bf5 8.O-O-O e6
9.f3 Qc7 10.g4 Bg6 11.h4 h5 12.g5 Nd5 13.Nxd5 cxd5 14.Nh3 Nc6 15.Nf4 Bf5
16.Bd3 Bxd3 17.Nxd3 g6 18.Bf4 Bd6 19.Qh2 Bxf4+ 20.Nxf4 O-O-O 21.Kb1 Kb8 22.Nd3 Qxh2
23.Rxh2 Rc8 24.c3 Rc7 25.Ne5 Nxe5 26.dxe5 Rc4 27.Rd4 Rhc8 28.Rhd2 R8c6 29.Kc2 b5
30.a3 Kb7 31.R2d3 Rxd4 32.Rxd4 Rc4 33.Kd3 Kb6 34.b3 Rxd4+ 35.Kxd4 a5 36.a4 bxa4  1/2-1/2

[Event "TCh-CAT Div Hon"]
[Site "Barcelona ESP"]
[Date "2011.02.12"]
[Round "3"]
[White "Fluvia Poyatos,Joa"]
[Black "Grafl,F"]
[Result "1-0"]
[WhiteElo "2472"]
[BlackElo "2398"]

1.e4 d5 2.exd5 Qxd5 3.Nc3 Qd6 4.d4 Nf6 5.Nf3 a6 6.g3 Bg4 7.Bg2 Nc6 8.O-O O-O-O
9.d5 Ne5 10.Bf4 Nxf3+ 11.Bxf3 Bxf3 12.Qxf3 e5 13.dxe6 Qxe6 14.Bg5 Bd6 15.Rae1 Be5
16.Na4 Rhe8 17.Nc5 Qd5 18.Qxd5 Rxd5 19.Bxf6 gxf6 20.Nd3 Re6 21.Re4 Bd6 22.Rfe1 Kd7
23.Kf1 Bf8 24.Rh4 h6 25.Nf4 Rxe1+ 26.Kxe1 Ra5 27.a3 Bg7 28.Nd3 Rd5 29.Rg4 Bf8
30.Ke2 b5 31.a4 Rh5 32.h4 Rd5 33.b3 f5 34.Rg8 Ke8 35.axb5 axb5 36.h5 Rd6
37.Nf4 Rc6 38.Kd2 Rd6+ 39.Kc1 c6 40.c3 Rd7 41.Kc2 Ra7 42.f3 Ra2+ 43.Kd3 Rf2
44.Ke3 Rc2 45.Kd4 Rf2 46.Ke3 Rc2 47.Ne2 f6 48.b4 Kf7 49.Rg6 Ra2 50.g4 fxg4
51.fxg4 c5 52.bxc5 Bxc5+ 53.Kd3 Bf8 54.Ng3 Rg2 55.Ne4 Bg7 56.Nd6+ Kf8 57.Nf5 Bh8
58.Rxh6 Kg8 59.Rg6+ Kf8 60.Kd4 Rg1 61.Ke4 Re1+ 62.Kd3 Rg1 63.Ke3 Rg2 64.Nd4 Rb2
65.Kd3 Kf7 66.Nf5 Kf8 67.Nd6 Ke7 68.Nf5+ Kf8 69.Nd4 Kf7 70.Nc6 Kf8 71.Nd8 b4
72.cxb4 Rxb4 73.Ne6+ Kf7 74.Nd4 Rb1 75.Nf5 Kf8 76.Ke4 Re1+ 77.Kd5 Rd1+ 78.Ke6 Re1+
79.Kd7 Rd1+ 80.Nd6 Rd2 81.Ke6 Re2+ 82.Kf5 Rf2+ 83.Ke4 Rd2 84.Nf5 Rd1 85.Rh6 Kg8
86.Ke3 Rg1 87.Kf3 Rf1+ 88.Kg2 Re1 89.Nd6 Re6 90.Nf5 Re1 91.Kf2 Re4 92.Kf3 Re1
93.Nd6 Rf1+ 94.Ke2 Rf4 95.Rg6+ Kf8 96.Ke3 Rf1 97.Ne4 Kf7 98.g5 fxg5 99.Nxg5+ Ke7
100.Re6+ Kd7 101.Rh6 Bb2 102.Rh7+ Ke8 103.Ke4 Bc1 104.Nf3 Kf8 105.Rc7 Rh1
106.Ne5 Kg8 107.Ng4 Kf8 108.Kf3 Bd2 109.Rd7 Bg5 110.Ne5 Bc1 111.Kg4 Kg8 112.Nf3 Kf8
113.Rb7 Be3 114.Nh4 Kg8 115.Nf5 Bd2 116.Ng3 Rg1 117.Kf3 Ra1 118.Ne4 Bc1 119.Rc7 Kf8
120.Kg4 Be3 121.Kf5 Rf1+ 122.Ke6 Bc1 123.Nf6 Re1+ 124.Kf5 Rf1+ 125.Kg6 Rg1+
126.Kh7 Bb2 127.Nd7+ Ke8 128.Nb6 Rh1 129.Kg6 Rg1+ 130.Kh6 Bc1+ 131.Kh7 Rh1
132.Rc5 Kf7 133.Nc4 Bf4 134.Rf5+ Ke6 135.Rxf4 Rxh5+ 136.Kg6 Rh1 137.Rf6+ Kd5
138.Ne3+ Ke5 139.Ng4+ Kd5 140.Rf5+ Kd4 141.Rf4+ Kd5 142.Kf6 Re1 143.Kf5 Kd6
144.Rd4+ Kc5 145.Rd3 Kc4 146.Rd2 Kc5 147.Ne5 Rf1+ 148.Ke6 Re1 149.Rd5+ Kb6
150.Kd6 Rh1 151.Nc4+ Kb7 152.Rb5+ Ka6 153.Rb4 Rh6+ 154.Kc7 Rg6 155.Ne5 Rh6
156.Nf7 Rh7 157.Kc6 Ka5 158.Rf4 Rh1 159.Nd6 Rc1+ 160.Kd5 Rh1 161.Kc5 Rh5+
162.Kc6 Rh6 163.Rg4 Rf6 164.Kc5 Rh6 165.Nc4+ Ka6 166.Rg5 Rh7 167.Kc6 Rh6+
168.Nd6 Rh1 169.Rg4 Rc1+ 170.Nc4 Rh1 171.Rg6 Ka7 172.Rg2 Rh6+ 173.Nd6 Kb8
174.Rg1 Ka7 175.Rg8 Rf6 176.Rh8 Rg6 177.Rh1 Kb8 178.Rh7 Ka8 179.Rd7 Rg8 180.Kb6 Rb8+
181.Ka6 Rh8 182.Nc4 Kb8 183.Rb7+  1-0

[Event "TCh-CAT Div Hon"]
[Site "Barcelona ESP"]
[Date "2011.02.12"]
[Round "3"]
[White "Canal Oliveras,J"]
[Black "Mellado Trivino,J"]
[Result "0-1"]
[WhiteElo "2246"]
[BlackElo "2422"]

1.e4 d5 2.exd5 Qxd5 3.Nc3 Qd6 4.g3 Nf6 5.Bg2 Bg4 6.Nge2 Nc6 7.h3 Bf5 8.d4 O-O-O
9.O-O e5 10.Be3 exd4 11.Nb5 Qb4 12.Nexd4 Nxd4 13.Nxd4 c5 14.c3 Qb6 15.Nxf5 Rxd1
16.Raxd1 Qe6 17.g4 h5 18.g5 Qxf5 19.gxf6 gxf6 20.Rd5 Qe6 21.Rfd1 Be7 22.Bxc5 Bxc5
23.Rxc5+ Kb8 24.Rcd5 Rg8 25.Rd7 Kc8 26.R7d5 b6 27.Kh1 h4 28.Rd6 Qe2 29.R1d2 Qe1+
30.Kh2 Qe5+ 31.Kh1 Qg5 32.f4 Qxf4 33.Rc6+ Kb8 34.Rcd6 Re8 35.Rd8+ Rxd8 36.Rxd8+ Kc7
37.Ra8 Qc1+ 38.Kh2 Qxb2 39.Rxa7+ Kd6 40.Rxf7 Qxc3 41.Rb7 Qe3 42.Bf1  0-1

[Event "IV Open A"]
[Site "Gora Swietej Anny POL"]
[Date "2011.02.12"]
[Round "2.19"]
[White "Kocwin,B"]
[Black "Gruca,Z"]
[Result "1-0"]
[WhiteElo "2270"]
[BlackElo "2025"]

1.e4 d5 2.exd5 Qxd5 3.Nc3 Qd8 4.d4 e5 5.dxe5 Qxd1+ 6.Nxd1 Nc6 7.f4 Nh6 8.c3 Bf5
9.Ne3 Be4 10.Ne2 Be7 11.Bd2 O-O-O 12.O-O-O Nf5 13.Nxf5 Bxf5 14.Ng3 Be6 15.b3 Ba3+
16.Kb1 g6 17.Kc2 h5 18.Bd3 h4 19.Ne4 Be7 20.Rde1 Rd7 21.Bc1 Rhd8 22.Nf2 h3
23.g3 Bc5 24.Be3 Rxd3 25.Nxd3 Bf5 26.Bxc5 Bxd3+ 27.Kc1 b6 28.Ba3 Bf5 29.Rd1 Rg8
30.Kd2 Be4 31.Rhe1 Bf3 32.Rc1 g5 33.Ke3 g4 34.Rc2 Nd8 35.Rd2 c5 36.Rf1 Bg2
37.Rff2 Bc6 38.Rd6 Kc7 39.Rf6 Bd5 40.Rd2 Bf3 41.b4 c4 42.b5 Rg7 43.f5 Rg8
44.Be7 Nb7 45.Rxf7 Kc8 46.Bd6 Nxd6 47.Rxd6 Re8 48.e6  1-0

[Event "16th Lienz-Open 2011"]
[Site "Lienz AUT"]
[Date "2011.02.12"]
[Round "1"]
[White "Krejci,Jan1"]
[Black "Bolkeny,G"]
[Result "1-0"]
[WhiteElo "2178"]
[BlackElo "1908"]

1.e4 d5 2.exd5 Qxd5 3.Nc3 Qd8 4.d4 g6 5.Nf3 Bg7 6.Bc4 Nh6 7.Bg5 Nf5 8.Qe2 h6
9.Bf4 c6 10.O-O-O O-O 11.Bb3 a5 12.g4 Nd6 13.Ne5 Kh7 14.h4 b5 15.a4 b4 16.Ne4 Nxe4
17.Qxe4 f5 18.Qd3 Bxe5 19.Bxe5 fxg4 20.h5 Bf5 21.hxg6+ Bxg6 22.Qe3 h5 23.Qg5 Qe8
24.Rxh5+ Bxh5 25.Qg7+  1-0

[Event "TCh-Paulista"]
[Site "Sao Paolo BRA"]
[Date "2011.02.12"]
[Round "5.10"]
[White "Gutierrez,Ce"]
[Black "Mourao,I"]
[Result "0-1"]
[WhiteElo "2002"]
[BlackElo "2081"]

1.e4 d5 2.exd5 Qxd5 3.Nc3 Qd6 4.d4 Nf6 5.Be3 a6 6.h3 Nc6 7.Nf3 Bf5 8.Bd3 Bxd3
9.Qxd3 e6 10.a3 Be7 11.O-O h6 12.Rad1 g5 13.d5 exd5 14.Nxd5 O-O-O 15.Qf5+ Kb8
16.Nxe7 Qxe7 17.Bc5 Qe6 18.Qxe6 fxe6 19.Rxd8+ Rxd8 20.Re1 Re8 21.Nd4 Nd8
22.Bb4 Kc8 23.c4 b6 24.Bc3 Kd7 25.b4 Ng8 26.g4 Ne7 27.Rd1 Kc8 28.Kg2 Ng6
29.Kg3 Nf4 30.Rd2 Nb7 31.f3 Nd6 32.c5 Nc4 33.Ra2 e5 34.Nf5 bxc5 35.bxc5 e4
36.fxe4 Rxe4 37.Bg7 h5 38.Kf3 Re1 39.gxh5 Nxh5 40.Bh6 Ne5+ 41.Kf2 Nd3+ 42.Kf3 Rf1+
43.Kg4 Nf6+ 44.Kxg5 Ne4+ 45.Kg6 Ne5+ 46.Kg7 Rxf5 47.Re2 Rf7+ 48.Kg8 Nf6+  0-1

[Event "IV Open A"]
[Site "Gora Swietej Anny POL"]
[Date "2011.02.13"]
[Round "3.15"]
[White "Siedlecki,Adam"]
[Black "Pultorak,Jan"]
[Result "0-1"]
[WhiteElo "1860"]
[BlackElo "1563"]

1.e4 d5 2.exd5 Qxd5 3.Nc3 Qd6 4.d4 Nf6 5.Bd3 Bg4 6.Nge2 c6 7.Be3 e6 8.Qd2 Qc7
9.Ng3 Bd6 10.Nge4 Nxe4 11.Nxe4 Nd7 12.h3 Bh5 13.c4 c5 14.Rc1 cxd4 15.Bxd4 Bf4
16.Be3 Bxe3 17.Qxe3 Ne5 18.O-O Nxd3 19.Qxd3 O-O 20.Qc3 Rac8 21.c5 b6 22.b4 Rfd8
23.Qe3 bxc5 24.bxc5 Qe5 25.Rfe1 h6 26.Qa3 Qc7 27.Qa6 Bg6 28.Nd6 Rb8 29.a4 Rb3
30.Nb5 Qf4 31.c6 Rb2 32.Qxa7 Rdd2 33.Rf1 Rxf2 34.Rxf2 Qxc1+ 35.Kh2 Rxf2 36.Qxf2 Qxc6
37.Qd4 Be4 38.Qd2 Qc4 39.Nc3 Bc6 40.a5 e5 41.Nd1 e4 42.Ne3 Qb5 43.Kg3 f5
44.Qa2+ Kh7 45.Qe6 f4+  0-1

[Event "ch-ROU Men"]
[Site "Sarata Monteoru ROU"]
[Date "2011.02.14"]
[Round "3.19"]
[White "Ciobanu,V"]
[Black "Adoamnei,R"]
[Result "1-0"]
[WhiteElo "2240"]
[BlackElo "1983"]

1.e4 d5 2.exd5 Qxd5 3.Nc3 Qd8 4.d4 Nf6 5.Bc4 Bg4 6.f3 Bh5 7.Be3 c6 8.Qd2 e6
9.O-O-O b5 10.Bb3 a5 11.a4 Bb4 12.Nge2 Bg6 13.h4 h5 14.Bg5 Qc8 15.Bxf6 gxf6
16.Nf4 bxa4 17.Nxg6 fxg6 18.Bxe6 Qc7 19.Qd3 f5 20.Nxa4 Na6 21.Nc5 Qf4+ 22.Kb1 Bxc5
23.dxc5 Nxc5 24.Qc3  1-0

[Event "IV Open A"]
[Site "Gora Swietej Anny POL"]
[Date "2011.02.15"]
[Round "5.15"]
[White "Siedlecki,Adam"]
[Black "Karleszko,Karolina"]
[Result "1-0"]
[WhiteElo "1860"]
[BlackElo "1572"]

1.e4 d5 2.exd5 Qxd5 3.Nc3 Qd6 4.d4 Nf6 5.Nf3 Bg4 6.Be2 c6 7.Be3 Nbd7 8.Qd2 Qc7
9.Bf4 Qb6 10.O-O-O e6 11.a3 Be7 12.Rhe1 O-O 13.Ng5 Bf5 14.Qe3 Nd5 15.Nxd5 cxd5
16.g4 Bg6 17.Bd3 Nf6 18.Bxg6 hxg6 19.Qh3 Rfc8 20.Be5 a6 21.f4 Qc6 22.Rd2 b5
23.Re3 b4 24.a4 Qxa4 25.Kb1 Qb5 26.Rf2 a5 27.Qh4 Rc3 28.Bxf6 Bxf6 29.Qh7+ Kf8
30.Qh8+ Ke7 31.Qxa8 Rxe3 32.Qa7+ Qd7 33.Qxa5 Qb7 34.Qc5+ Ke8 35.Nf3 Rc3 36.bxc3 bxc3+
37.Kc1 Qb2+ 38.Kd1 Qb1+ 39.Ke2 Qxc2+ 40.Kf1 Qd1+ 41.Kg2  1-0

[Event "IV Open A"]
[Site "Gora Swietej Anny POL"]
[Date "2011.02.16"]
[Round "6.20"]
[White "Frink,F"]
[Black "Pultorak,Jan"]
[Result "1-0"]
[WhiteElo "2217"]
[BlackElo "1563"]

1.e4 d5 2.exd5 Qxd5 3.Nc3 Qd6 4.Be2 Nf6 5.Bf3 c6 6.Nge2 Bf5 7.d4 e6 8.O-O Qc7
9.Re1 Bd6 10.g3 Nbd7 11.Bf4 O-O-O 12.Bxd6 Qxd6 13.Bg2 g5 14.Qd2 Rdg8 15.Nd1 h5
16.Ne3 h4 17.c4 hxg3 18.hxg3 Bh3 19.c5 Qc7 20.Nc4 Rg7 21.Nd6+ Kb8 22.Bxh3 Rxh3
23.Kg2 g4 24.Nf4 Rh8 25.Rh1 Rhg8 26.Rh6 b6 27.b4 Qd8 28.a4 Qe7 29.Re1 Rg5
30.Qd3 Ka8 31.Qa6 Nb8 32.Qc4 Nd5 33.Nd3 Rd8 34.Rh7 Rf8 35.Ne5 Rxe5 36.dxe5 Qd7
37.Reh1 Nc7 38.Qxg4 Ne8 39.Qf3  1-0

[Event "ch-ROU Men"]
[Site "Sarata Monteoru ROU"]
[Date "2011.02.17"]
[Round "7.36"]
[White "Tomici,S"]
[Black "Adoamnei,R"]
[Result "1-0"]
[WhiteElo "2090"]
[BlackElo "1983"]

1.e4 d5 2.exd5 Qxd5 3.Nc3 Qd8 4.d4 Nf6 5.Nf3 c6 6.Bc4 b5 7.Bb3 a5 8.a3 Ba6
9.Ne5 e6 10.Qf3 a4 11.Ba2 b4 12.axb4 Bxb4 13.Nd3 Qxd4 14.O-O Bxc3 15.bxc3 Qxc3
16.Bb2 Qxc2 17.Bxf6 Qxd3 18.Rfd1 gxf6 19.Rxd3 Bxd3 20.Qxd3 Nd7 21.Rd1 O-O
22.Qxd7 Rad8 23.Qxd8 Rxd8 24.Rxd8+  1-0